Scottish estate benchmarking survey 2011 (Record no. 113271)

MARC details
000 -LEADER
fixed length control field 00909cad a22002295a 4500
001 - CONTROL NUMBER
control field E154986
008 - FIXED-LENGTH DATA ELEMENTS--GENERAL INFORMATION
fixed length control field 120619s2012 xxka f 000 0 eng d
035 ## - SYSTEM CONTROL NUMBER
System control number (Sirsi) u154986
041 0# - LANGUAGE CODE
Language code of text/sound track or separate title eng
050 04 - LIBRARY OF CONGRESS CALL NUMBER
Classification number 333.33 $2 18
110 2# - MAIN ENTRY--CORPORATE NAME
Corporate name or jurisdiction name as entry element Savills
9 (RLIN) 2020
245 00 - TITLE STATEMENT
Title Scottish estate benchmarking survey 2011
Medium [electronic resource]
260 ## - PUBLICATION, DISTRIBUTION, ETC.
Place of publication, distribution, etc. [Edinburgh]
Name of publisher, distributor, etc. Savills
Date of publication, distribution, etc. 2012
490 #0 - SERIES STATEMENT
Series statement Savills Scottish Estate Benchmarking Survey
520 ## - SUMMARY, ETC.
Summary, etc. Suggests that Scottish rural estates have seen their gross incomes rise, however rising costs have affected net profits. This challenge of rising costs is predicted to continue.
521 ## - TARGET AUDIENCE NOTE
Target audience note Advanced
590 ## - LOCAL NOTE (RLIN)
Local note KA
651 #4 - SUBJECT ADDED ENTRY--GEOGRAPHIC NAME
Geographic name Scotland
Chronological subdivision 1999-
690 ## - LOCAL SUBJECT ADDED ENTRY--TOPICAL TERM (OCLC, RLIN)
Topical term or geographic name as entry element Rural
9 (RLIN) 6268
856 40 - ELECTRONIC LOCATION AND ACCESS
Uniform Resource Identifier <a href="https://pdf.euro.savills.co.uk/uk/rural---other/scottish-estates-benchmarking-jan-2012.pdf">https://pdf.euro.savills.co.uk/uk/rural---other/scottish-estates-benchmarking-jan-2012.pdf</a>
Public note View the report after free registration at www.savills.co.uk
942 ## - ADDED ENTRY ELEMENTS (KOHA)
Suppress in OPAC 0
Holdings
Withdrawn status Lost status Source of classification or shelving scheme Damaged status Not for loan Home library Current library Shelving location Date acquired Total Checkouts Full call number Barcode Date last seen Copy number Price effective from Koha item type
    Dewey Decimal Classification     Virtual Virtual Online 14/02/2012   ONLINE PUBLICATION 154986-2001 06/08/2019 1 06/08/2019 Book